<?xml version='1.0' encoding='UTF-8'?>
  <record xmlns="http://www.loc.gov/MARC21/slim">
    <leader>00000ctm a22000007i 4500</leader>
    <controlfield tag="001">on1076345483</controlfield>
    <controlfield tag="003">OCoLC</controlfield>
    <controlfield tag="005">20240127100239.6</controlfield>
    <controlfield tag="008">181127q17701800ne            000 0 grc d</controlfield>
    <datafield tag="040" ind1=" " ind2=" ">
      <subfield code="a">QGJ</subfield>
      <subfield code="b">eng</subfield>
      <subfield code="e">rda</subfield>
      <subfield code="e">dcrmmss</subfield>
      <subfield code="c">QGJ</subfield>
      <subfield code="d">OCLCQ</subfield>
      <subfield code="d">OCLCO</subfield>
      <subfield code="d">OCLCL</subfield>
    </datafield>
    <datafield tag="035" ind1=" " ind2=" ">
      <subfield code="a">(OCoLC)1076345483</subfield>
    </datafield>
    <datafield tag="242" ind1="1" ind2="0">
      <subfield code="a">Fragments of ancient Greek poets.</subfield>
      <subfield code="y">eng</subfield>
    </datafield>
    <datafield tag="245" ind1="0" ind2="0">
      <subfield code="a">Fragmenta veterum poëtarum Graecorum /</subfield>
      <subfield code="c">cura &amp; studio Josephi Scaligeri cum jusdem emendationibus ; Descripsi ex adversariis ejus MSS. in biblioth. L. Bat. R.M. van Goens,</subfield>
      <subfield code="f">UBU Hs. 24 (Hs 1 E 3).</subfield>
    </datafield>
    <datafield tag="246" ind1="1" ind2="8">
      <subfield code="a">Fragmenta Empodoclis, Parmenidis, Orphei &amp; Hesiodi</subfield>
    </datafield>
    <datafield tag="246" ind1="1" ind2=" ">
      <subfield code="i">Spine title should read:</subfield>
      <subfield code="a">Fragmenta Empedoclis, Parmenidis, Orphei &amp; Hesiodi</subfield>
    </datafield>
    <datafield tag="264" ind1=" " ind2="0">
      <subfield code="a">[Netherlands],</subfield>
      <subfield code="c">[between approximately 1770 and 1800].</subfield>
    </datafield>
    <datafield tag="300" ind1=" " ind2=" ">
      <subfield code="a">[2], 50 pages ;</subfield>
      <subfield code="c">250 x 190 (225 x 138) mm</subfield>
    </datafield>
    <datafield tag="336" ind1=" " ind2=" ">
      <subfield code="a">text</subfield>
      <subfield code="b">txt</subfield>
      <subfield code="2">rdacontent</subfield>
    </datafield>
    <datafield tag="337" ind1=" " ind2=" ">
      <subfield code="a">unmediated</subfield>
      <subfield code="b">n</subfield>
      <subfield code="2">rdamedia</subfield>
    </datafield>
    <datafield tag="338" ind1=" " ind2=" ">
      <subfield code="a">volume</subfield>
      <subfield code="b">nc</subfield>
      <subfield code="2">rdacarrier</subfield>
    </datafield>
    <datafield tag="340" ind1=" " ind2=" ">
      <subfield code="a">paper</subfield>
      <subfield code="2">rdamat</subfield>
    </datafield>
    <datafield tag="500" ind1=" " ind2=" ">
      <subfield code="a">Between p. 24 and 25 one blank leaf; between p. [36] and p. 37 one blank leaf.</subfield>
    </datafield>
    <datafield tag="500" ind1=" " ind2=" ">
      <subfield code="a">Transcribed by Rijklof Michaël van Goens from: Rijksuniversiteit te Leiden. Bibliotheek. Manuscript. Scal . 25, fol. 97-120.</subfield>
    </datafield>
    <datafield tag="505" ind1="0" ind2="0">
      <subfield code="g">P. 1-22.</subfield>
      <subfield code="t">Empedokleous epē --</subfield>
      <subfield code="g">p. 23-[29].</subfield>
      <subfield code="t">Parmenidou epē --</subfield>
      <subfield code="g">p. 31-35.</subfield>
      <subfield code="t">Orpheōs epē --</subfield>
      <subfield code="g">p. 37-42.</subfield>
      <subfield code="t">Hesiodi reliquiae.</subfield>
    </datafield>
    <datafield tag="524" ind1="8" ind2=" ">
      <subfield code="a">Cite as: Universiteitsbibliotheek Utrecht 24 (Hs 1 E 3)</subfield>
    </datafield>
    <datafield tag="546" ind1=" " ind2=" ">
      <subfield code="a">Title page in Latin; text in Greek.</subfield>
    </datafield>
    <datafield tag="563" ind1=" " ind2=" ">
      <subfield code="a">Parchment binding over pasteboards covered with marbled paper.</subfield>
    </datafield>
    <datafield tag="581" ind1=" " ind2=" ">
      <subfield code="a">P.A. Tiele, Catalogus codicum manu scriptorum Bibliothecae Universitatis Rheno-Trajectinae. I. Trajecti ad Rhenum / Hagae Comitis 1887. P. 5.</subfield>
    </datafield>
    <datafield tag="581" ind1=" " ind2=" ">
      <subfield code="a">H. Omont, 'Catalogue des manuscrits grecs des bibliothèques publiques des Pays Bas (Leyde excepté)', in: Centralblatt für Bibliothekswesen 4 (1887), p. 205-211. p. 210 nr. 54.</subfield>
    </datafield>
    <datafield tag="581" ind1=" " ind2=" ">
      <subfield code="a">J. Bos, Rijklof Michael van Goens (1748-1810). Literator - politicus - pietist. Tent. cat. Koninklijke Bibliotheek. Den Haag 1988. p. ... nr. 23.</subfield>
    </datafield>
    <datafield tag="600" ind1="0" ind2="7">
      <subfield code="a">Empedocles.</subfield>
      <subfield code="2">fast</subfield>
      <subfield code="0">(OCoLC)fst00046027</subfield>
    </datafield>
    <datafield tag="600" ind1="0" ind2="7">
      <subfield code="a">Parmenides.</subfield>
      <subfield code="2">fast</subfield>
      <subfield code="0">(OCoLC)fst00037516</subfield>
    </datafield>
    <datafield tag="600" ind1="0" ind2="7">
      <subfield code="a">Orpheus</subfield>
      <subfield code="c">(Greek mythological character)</subfield>
      <subfield code="2">fast</subfield>
      <subfield code="0">(OCoLC)fst01048449</subfield>
    </datafield>
    <datafield tag="600" ind1="0" ind2="7">
      <subfield code="a">Hesiod.</subfield>
      <subfield code="2">fast</subfield>
      <subfield code="0">(OCoLC)fst00018805</subfield>
    </datafield>
    <datafield tag="650" ind1=" " ind2="7">
      <subfield code="a">Philosophy, Ancient.</subfield>
      <subfield code="2">fast</subfield>
      <subfield code="0">(OCoLC)fst01060860</subfield>
    </datafield>
    <datafield tag="650" ind1=" " ind2="7">
      <subfield code="a">Greek poetry.</subfield>
      <subfield code="2">fast</subfield>
      <subfield code="0">(OCoLC)fst00947503</subfield>
    </datafield>
    <datafield tag="700" ind1="1" ind2=" ">
      <subfield code="a">Scaliger, Joseph Juste,</subfield>
      <subfield code="d">1540-1609,</subfield>
      <subfield code="e">compiler.</subfield>
      <subfield code="4">com</subfield>
    </datafield>
    <datafield tag="700" ind1="1" ind2=" ">
      <subfield code="a">Goens, Rijklof Michaël van,</subfield>
      <subfield code="d">1748-1810,</subfield>
      <subfield code="e">scribe.</subfield>
      <subfield code="4">scr</subfield>
    </datafield>
    <datafield tag="700" ind1="0" ind2=" ">
      <subfield code="a">Orpheus</subfield>
      <subfield code="c">(Greek mythological character)</subfield>
    </datafield>
    <datafield tag="700" ind1="0" ind2=" ">
      <subfield code="i">Container of (work):</subfield>
      <subfield code="a">Empedocles.</subfield>
      <subfield code="t">Works.</subfield>
    </datafield>
    <datafield tag="700" ind1="0" ind2=" ">
      <subfield code="i">Container of (work):</subfield>
      <subfield code="a">Parmenides.</subfield>
      <subfield code="t">Nature.</subfield>
    </datafield>
    <datafield tag="700" ind1="0" ind2=" ">
      <subfield code="i">Container of (work):</subfield>
      <subfield code="a">Hesiod.</subfield>
      <subfield code="t">Fragments.</subfield>
    </datafield>
    <datafield tag="710" ind1="2" ind2=" ">
      <subfield code="a">Universiteit Utrecht.</subfield>
      <subfield code="b">Bibliotheek.</subfield>
      <subfield code="k">Manuscript</subfield>
      <subfield code="n">(Hs. 24 (Hs 1 E 3rd))</subfield>
    </datafield>
    <datafield tag="758" ind1=" " ind2=" ">
      <subfield code="i">has work:</subfield>
      <subfield code="a">UBU Hs. 24 (Hs 1 E 3) Fragmenta veterum poëtarum Graecorum (Text)</subfield>
      <subfield code="1">https://id.oclc.org/worldcat/entity/E39PCGkdhvfdHmYCMFp97fJcHd</subfield>
      <subfield code="4">https://id.oclc.org/worldcat/ontology/hasWork</subfield>
    </datafield>
  </record>